| 000 | 00342nam a22001217a 4500 | ||
|---|---|---|---|
| 999 |
_c9940 _d9940 |
||
| 003 | OSt | ||
| 008 | 201217b ||||| |||| 00| 0 eng d | ||
| 245 | _aSeminar | ||
| 250 | _a2006(Oct Vol.566) 2008(Feb Vol.582, Mar Vol.583, Apr Vol.584, May Vol.585, Jun Vol.586) | ||
| 260 |
_aNew Delhi _bMalvika Singh |
||
| 650 | _aManagement | ||
| 942 |
_2ddc _cBV |
||